[Event "Gibtelecom Masters 2nd"]
[Site "Gibraltar"]
[Date "2004.02.04"]
[Round "9.9"]
[White "Kuzmin, Alexey"]
[Black "Bakre, Tejas"]
[Result "1/2-1/2"]
[WhiteElo "2570"]
[BlackElo "2446"]
[PlyCount "75"]
[EventDate "2004.01.27"]
[EventType "swiss"]
[EventRounds "10"]
[EventCountry "GGB"]
[SourceTitle "BritBase"]
[Source "www.saund.co.uk"]
[SourceDate "2018.02.10"]
[SourceVersion "1"]
[SourceVersionDate "2018.02.10"]
[SourceQuality "1"]

1. e4 c5 2. Nf3 d6 3. d4 cxd4 4. Nxd4 Nf6 5. Nc3 Nc6 6. Bg5 e6 7. Qd2 Be7 8.
O-O-O O-O 9. f4 Nxd4 10. Qxd4 Qa5 11. Bc4 Bd7 12. e5 dxe5 13. fxe5 Bc6 14. Bd2
Nd7 15. Nd5 Qd8 16. Nxe7+ Qxe7 17. Rhe1 Rfd8 18. Qg4 Nf8 19. Bd3 Rd5 20. Bb4
Qd8 21. g3 Ng6 22. Bc3 Qc7 23. h4 Nxe5 24. Bxh7+ Kxh7 25. Qh5+ Kg8 26. Rxd5
Bxd5 27. Bxe5 Qd8 28. Qg4 f6 29. Bc3 e5 30. Rd1 Qd6 31. a3 Qe6 32. Qe2 Qc6 33.
Qe3 Bf3 34. Rd3 Bg4 35. Be1 Bf5 36. Rc3 Qe4 37. Qxe4 Bxe4 38. Bf2 1/2-1/2

[Event "Gibtelecom Masters 2nd"]
[Site "Gibraltar"]
[Date "2004.02.04"]
[Round "9.10"]
[White "Vuckovic, Bojan"]
[Black "Barua, Dibyendu"]
[Result "1/2-1/2"]
[WhiteElo "2511"]
[BlackElo "2549"]
[PlyCount "98"]
[EventDate "2004.01.27"]
[EventType "swiss"]
[EventRounds "10"]
[EventCountry "GGB"]
[SourceTitle "BritBase"]
[Source "www.saund.co.uk"]
[SourceDate "2018.02.10"]
[SourceVersion "1"]
[SourceVersionDate "2018.02.10"]
[SourceQuality "1"]

1. e4 e6 2. d4 d5 3. Nd2 Nf6 4. e5 Nfd7 5. Bd3 c5 6. c3 Nc6 7. Ne2 cxd4 8. cxd4
f6 9. exf6 Qxf6 10. Nf3 h6 11. Nc3 Bd6 12. Be3 O-O 13. a3 Rd8 14. Bc2 Nf8 15.
g4 Bf4 16. h4 e5 17. g5 hxg5 18. hxg5 Qe7 19. Bb3 Be6 20. Qe2 exd4 21. Bxd4 Bg4
22. Qxe7 Nxe7 23. Rh4 Bxf3 24. Rxf4 Ne6 25. Be3 Nxf4 26. Bxf4 Nc6 27. Ba2 Na5
28. Kd2 Nc4+ 29. Kc2 Rac8 30. Rg1 Rf8 31. Bc1 b5 32. Kd3 a6 33. Kd4 g6 34. a4
Rb8 35. axb5 axb5 36. b3 Na5 37. b4 Nc4 38. Re1 Rfe8 39. Rxe8+ Rxe8 40. Nxb5
Re1 41. Bxc4 Rd1+ 42. Bd3 Be4 43. Be3 Rxd3+ 44. Kc5 Kf7 45. Bd4 Rb3 46. Nc3 Ke6
47. b5 Kd7 48. b6 Rxc3+ 49. Bxc3 Kc8 1/2-1/2

[Event "Gibtelecom Masters 2nd"]
[Site "Gibraltar"]
[Date "2004.02.04"]
[Round "9.11"]
[White "Emms, John"]
[Black "Davies, Nigel"]
[Result "1-0"]
[WhiteElo "2501"]
[BlackElo "2502"]
[PlyCount "125"]
[EventDate "2004.01.27"]
[EventType "swiss"]
[EventRounds "10"]
[EventCountry "GGB"]
[SourceTitle "BritBase"]
[Source "www.saund.co.uk"]
[SourceDate "2018.02.10"]
[SourceVersion "1"]
[SourceVersionDate "2018.02.10"]
[SourceQuality "1"]

1. e4 e5 2. Nf3 Nc6 3. Bc4 Nf6 4. d3 Be7 5. O-O O-O 6. Bb3 d6 7. c3 Na5 8. Bc2
c5 9. Nbd2 Nc6 10. Re1 Re8 11. Nf1 h6 12. Ne3 Bf8 13. h3 g6 14. Nh2 Be6 15. Bb3
Bg7 16. Bxe6 Rxe6 17. Nd5 Re8 18. Ng4 Nxg4 19. hxg4 Ne7 20. Qb3 Nxd5 21. Qxd5
Qd7 22. f3 Rac8 23. Be3 Qc6 24. Qxc6 Rxc6 25. Kf2 Rd8 26. Ke2 a6 27. a4 Kf8 28.
Rh1 g5 29. Rhb1 Rd7 30. Ra3 c4 31. dxc4 Rxc4 32. Rd1 Ke7 33. Rd5 Ke6 34. Kd3
Rc8 35. b4 Ra8 36. c4 Bf6 37. b5 Bd8 38. Ra1 f6 39. Kc2 b6 40. Kb3 a5 41. Rad1
Raa7 42. R1d2 Rab7 43. g3 Be7 44. f4 Bf8 45. Rd1 Be7 46. f5+ Kf7 47. c5 bxc5
48. Bxc5 Rd8 49. Bxd6 Rc8 50. Bxe7 Kxe7 51. R1d3 Rc1 52. Rc3 Rb1+ 53. Kc2 Rb4
54. Rc6 Rxa4 55. b6 Rxe4 56. Re6+ Kf7 57. Rdd6 Rc4+ 58. Kd3 Rd4+ 59. Rxd4 exd4
60. Kxd4 Rd7+ 61. Kc5 a4 62. Kc6 Rd3 63. b7 1-0

[Event "Gibtelecom Masters 2nd"]
[Site "Gibraltar"]
[Date "2004.02.04"]
[Round "9.12"]
[White "Sulskis, Sarunas"]
[Black "Cramling, Pia"]
[Result "1/2-1/2"]
[WhiteElo "2582"]
[BlackElo "2488"]
[PlyCount "100"]
[EventDate "2004.01.27"]
[EventType "swiss"]
[EventRounds "10"]
[EventCountry "GGB"]
[SourceTitle "BritBase"]
[Source "www.saund.co.uk"]
[SourceDate "2018.02.10"]
[SourceVersion "1"]
[SourceVersionDate "2018.02.10"]
[SourceQuality "1"]

1. c4 e5 2. Nc3 Nf6 3. g3 c6 4. d4 exd4 5. Qxd4 Na6 6. Bg2 Bc5 7. Qd1 d5 8.
cxd5 Nb4 9. dxc6 Qxd1+ 10. Kxd1 bxc6 11. a3 Nbd5 12. Ke1 O-O 13. Bd2 Rb8 14.
Rc1 Bd4 15. e3 Bxc3 16. bxc3 Nd7 17. c4 N5b6 18. Nf3 Ba6 19. Bf1 Na4 20. Bh3
Ndc5 21. Ne5 Rb2 22. Bf5 Re8 23. Nd3 Nxd3+ 24. Bxd3 Rd8 25. Bc2 Nc5 26. Ba5 Rd7
27. Bc3 Ra2 28. Bd4 Ne6 29. Bf5 c5 30. Bxe6 fxe6 31. Bxc5 Bb7 32. Rg1 Rdd2 33.
e4 Bxe4 34. g4 Bd3 35. Be3 Re2+ 36. Kd1 e5 37. Rc3 e4 38. g5 Reb2 39. g6 Bc2+
40. Ke2 Bd3+ 41. Kd1 Rb1+ 42. Rc1 Rxc1+ 43. Bxc1 Bxc4 44. Rg3 Be2+ 45. Ke1 Bf3
46. Rg5 Re2+ 47. Kf1 Rc2 48. Be3 hxg6 49. Ra5 Ra2 50. Ke1 Re2+ 1/2-1/2

[Event "Gibtelecom Masters 2nd"]
[Site "Gibraltar"]
[Date "2004.02.04"]
[Round "9.13"]
[White "Hebden, Mark"]
[Black "Womacka, Mathias"]
[Result "1-0"]
[WhiteElo "2549"]
[BlackElo "2447"]
[PlyCount "55"]
[EventDate "2004.01.27"]
[EventType "swiss"]
[EventRounds "10"]
[EventCountry "GGB"]
[SourceTitle "BritBase"]
[Source "www.saund.co.uk"]
[SourceDate "2018.02.10"]
[SourceVersion "1"]
[SourceVersionDate "2018.02.10"]
[SourceQuality "1"]

1. d4 Nf6 2. Nf3 e6 3. c4 c5 4. e3 d5 5. cxd5 Nxd5 6. Bd3 cxd4 7. exd4 Bb4+ 8.
Nbd2 Nf4 9. Bf1 Nc6 10. a3 Be7 11. Ne4 Ng6 12. Bc4 b6 13. O-O O-O 14. Be3 Bb7
15. Nc3 Rc8 16. Qe2 Qd6 17. Ba2 Na5 18. Rad1 Qb8 19. d5 exd5 20. Nxd5 Bd6 21.
Ng5 Bxh2+ 22. Kh1 Bf4 23. Bxf4 Nxf4 24. Qe4 Ng6 25. Ne7+ Kh8 26. Nxf7+ Rxf7 27.
Nxg6+ hxg6 28. Qh4+ 1-0

[Event "Gibtelecom Masters 2nd"]
[Site "Gibraltar"]
[Date "2004.02.04"]
[Round "9.14"]
[White "Poluljahov, Aleks"]
[Black "Vasilevich, Tatjana"]
[Result "1-0"]
[WhiteElo "2526"]
[BlackElo "2393"]
[PlyCount "31"]
[EventDate "2004.01.27"]
[EventType "swiss"]
[EventRounds "10"]
[EventCountry "GGB"]
[SourceTitle "BritBase"]
[Source "www.saund.co.uk"]
[SourceDate "2018.02.10"]
[SourceVersion "1"]
[SourceVersionDate "2018.02.10"]
[SourceQuality "1"]

1. c4 Nf6 2. d4 e6 3. Nf3 d5 4. g3 dxc4 5. Bg2 Nc6 6. O-O Rb8 7. a4 a6 8. a5
Bd6 9. Nbd2 O-O 10. Nxc4 Qe7 11. Qc2 Nd7 12. Rd1 e5 13. dxe5 Ncxe5 14. Ncxe5
Nxe5 15. Nxe5 Bxe5 16. e4 {both scoresheets illegible ... 49 moves} 1-0

[Event "Gibtelecom Masters 2nd"]
[Site "Gibraltar"]
[Date "2004.02.04"]
[Round "9.15"]
[White "McNab, Colin"]
[Black "Gallagher, Joseph G"]
[Result "1/2-1/2"]
[WhiteElo "2388"]
[BlackElo "2524"]
[PlyCount "28"]
[EventDate "2004.01.27"]
[EventType "swiss"]
[EventRounds "10"]
[EventCountry "GGB"]
[SourceTitle "BritBase"]
[Source "www.saund.co.uk"]
[SourceDate "2018.02.10"]
[SourceVersion "1"]
[SourceVersionDate "2018.02.10"]
[SourceQuality "1"]

1. c4 Nf6 2. Nc3 g6 3. g3 Bg7 4. Bg2 O-O 5. d3 d6 6. e4 c5 7. Nge2 Nc6 8. O-O
a6 9. a4 Bd7 10. h3 Ne8 11. Be3 Nd4 12. Rb1 Rb8 13. b4 Nxe2+ 14. Nxe2 cxb4
1/2-1/2

[Event "Gibtelecom Masters 2nd"]
[Site "Gibraltar"]
[Date "2004.02.04"]
[Round "9.16"]
[White "Ward, Chris"]
[Black "Howell, David"]
[Result "1/2-1/2"]
[WhiteElo "2522"]
[BlackElo "2304"]
[PlyCount "50"]
[EventDate "2004.01.27"]
[EventType "swiss"]
[EventRounds "10"]
[EventCountry "GGB"]
[SourceTitle "BritBase"]
[Source "www.saund.co.uk"]
[SourceDate "2018.02.10"]
[SourceVersion "1"]
[SourceVersionDate "2018.02.10"]
[SourceQuality "1"]

1. d4 Nf6 2. c4 g6 3. Nc3 d5 4. cxd5 Nxd5 5. Bd2 Bg7 6. e4 Nb6 7. Be3 O-O 8. f4
Nc6 9. d5 Na5 10. Bd4 e5 11. fxe5 c6 12. d6 Nac4 13. Nf3 Bg4 14. Bxc4 Nxc4 15.
Qb3 Bxf3 16. gxf3 Nxe5 17. O-O-O Qxd6 18. f4 Ng4 19. e5 Qe6 20. h3 Nh6 21. Bc5
Qxb3 22. axb3 Rfd8 23. Rxd8+ Rxd8 24. Bxa7 Nf5 25. Bb6 Rd7 1/2-1/2

[Event "Gibtelecom Masters 2nd"]
[Site "Gibraltar"]
[Date "2004.02.04"]
[Round "9.17"]
[White "Bellon Lopez, Juan Manuel"]
[Black "Del Rio de Angelis, Salvador Gabriel"]
[Result "0-1"]
[WhiteElo "2429"]
[BlackElo "2504"]
[PlyCount "100"]
[EventDate "2004.01.27"]
[EventType "swiss"]
[EventRounds "10"]
[EventCountry "GGB"]
[SourceTitle "BritBase"]
[Source "www.saund.co.uk"]
[SourceDate "2018.02.10"]
[SourceVersion "1"]
[SourceVersionDate "2018.02.10"]
[SourceQuality "1"]

1. d4 e6 2. Nf3 c5 3. Bg5 f6 4. Bh4 cxd4 5. Qxd4 Nc6 6. Qd2 Qb6 7. c4 Nge7 8.
e3 Nf5 9. Nc3 Nxh4 10. Nxh4 Qa5 11. a3 Qc7 12. Be2 a6 13. O-O b6 14. b4 Bb7 15.
f4 O-O-O 16. Nd5 exd5 17. cxd5 Kb8 18. Rac1 g6 19. Qc3 Rc8 20. dxc6 dxc6 21.
Nf3 Qe7 22. Nd4 c5 23. bxc5 Rxc5 24. Qd2 Qd7 25. Rfd1 Rxc1 26. Qxc1 Be7 27. Rd3
Rc8 28. Rc3 Rxc3 29. Qxc3 Qa4 30. Nc2 Bc5 31. Bf3 Bxf3 32. gxf3 Kb7 33. Kg2 Qd7
34. Qc4 f5 35. Kg3 h6 36. Nb4 a5 37. Nc2 g5 38. fxg5 hxg5 39. f4 g4 40. a4 Qh7
41. Qd5+ Ka7 42. h4 gxh3 43. Kh2 Qb7 44. Qxb7+ Kxb7 45. Kxh3 Kc6 46. Kh4 Kd5
47. Kg5 Ke4 48. Kf6 Kd3 49. Kxf5 Kxc2 50. e4 b5 0-1

[Event "Gibtelecom Masters 2nd"]
[Site "Gibraltar"]
[Date "2004.02.04"]
[Round "9.18"]
[White "Wippermann, Till"]
[Black "Al Sayed, Mohamad Naser"]
[Result "1/2-1/2"]
[WhiteElo "2353"]
[BlackElo "2446"]
[PlyCount "231"]
[EventDate "2004.01.27"]
[EventType "swiss"]
[EventRounds "10"]
[EventCountry "GGB"]
[SourceTitle "BritBase"]
[Source "www.saund.co.uk"]
[SourceDate "2018.02.10"]
[SourceVersion "1"]
[SourceVersionDate "2018.02.10"]
[SourceQuality "1"]

1. e4 c5 2. Nc3 Nc6 3. f4 g6 4. Nf3 Bg7 5. Bb5 Nd4 6. O-O Nxb5 7. Nxb5 d5 8.
exd5 a6 9. Nc3 Nf6 10. d4 c4 11. Ne5 Nxd5 12. Qf3 Be6 13. f5 gxf5 14. Nxd5 Qxd5
15. Qxd5 Bxd5 16. Rxf5 Rd8 17. c3 Rg8 18. Rf2 Rd6 19. Bf4 Re6 20. Re1 Bf8 21.
b3 f6 22. bxc4 Bxc4 23. Nf3 Rxe1+ 24. Nxe1 e6 25. Nf3 Be7 26. Bg3 b5 27. Nd2
Bd5 28. Nb3 Kf7 29. Bh4 Rg4 30. Bg3 Re4 31. Rc2 e5 32. Bf2 Rg4 33. g3 Rg8 34.
Re2 exd4 35. Bxd4 Rc8 36. Kf2 h5 37. Rd2 Be6 38. Ke3 Rc6 39. Rf2 Kg6 40. Nc1 b4
41. Ne2 bxc3 42. Nxc3 Bc4 43. Rb2 Re6+ 44. Kf2 Rd6 45. Bc5 Re6 46. Bxe7 Rxe7
47. Rb6 Rc7 48. Ne4 Bd5 49. Rxf6+ Kg7 50. Rf4 Rc2+ 51. Ke3 Rxa2 52. Nc3 Ra3 53.
Kd4 Bf7 54. Rf5 Ra1 55. g4 h4 56. Re5 Rh1 57. Ra5 Rxh2 58. Rxa6 Rg2 59. Ne4
Rxg4 60. Ke3 h3 61. Nf2 h2 62. Kf3 Rg1 63. Ra4 Bh5+ 64. Ke3 Rg3+ 65. Kd2 Rg2
66. Rh4 Rxf2+ 67. Ke3 Re2+ 68. Kf4 Kg6 69. Kg3 Kg5 70. Rxh2 Re3+ 71. Kf2 Rd3
72. Ke1 Rd1+ 73. Kf2 Bg4 74. Ke3 Re1+ 75. Kd2 Ra1 76. Ke3 Kf5 77. Rb2 Ra3+ 78.
Kd4 Kf4 79. Rb8 Ra1 80. Rf8+ Bf5 81. Re8 Rd1+ 82. Kc5 Be4 83. Rf8+ Ke3 84. Rf6
Rd5+ 85. Kc4 Re5 86. Rd6 Re8 87. Kc5 Rc8+ 88. Kb6 Rc2 89. Rd7 Rc6+ 90. Kb5 Re6
91. Rd8 Kf4 92. Kc4 Ke5 93. Rc8 Bd5+ 94. Kd3 Rg6 95. Rc3 Rg2 96. Ke3 Rb2 97.
Kd3 Be4+ 98. Kc4 Ra2 99. Kc5 Ra5+ 100. Kb4 Ra7 101. Kc5 Rd7 102. Kc4 Rd4+ 103.
Kc5 Bd3 104. Kb6 Bf1 105. Rc1 Bg2 106. Kc5 Rd7 107. Rc3 Rd5+ 108. Kb6 Kd4 109.
Rc2 Be4 110. Rc1 Rd6+ 111. Kc7 Rg6 112. Kd7 Kd5 113. Rd1+ Ke5 114. Kc7 Rc6+
115. Kd7 Rb6 116. Ke7 1/2-1/2

[Event "Gibtelecom Masters 2nd"]
[Site "Gibraltar"]
[Date "2004.02.04"]
[Round "9.19"]
[White "Arakhamia-Grant, Ketevan"]
[Black "Houska, Jovanka"]
[Result "1/2-1/2"]
[WhiteElo "2435"]
[BlackElo "2370"]
[PlyCount "115"]
[EventDate "2004.01.27"]
[EventType "swiss"]
[EventRounds "10"]
[EventCountry "GGB"]
[SourceTitle "BritBase"]
[Source "www.saund.co.uk"]
[SourceDate "2018.02.10"]
[SourceVersion "1"]
[SourceVersionDate "2018.02.10"]
[SourceQuality "1"]

1. e4 e5 2. Nc3 Nc6 3. g3 Nf6 4. Bg2 Bc5 5. h3 a6 6. Nge2 d6 7. d3 Be6 8. Nd5
h6 9. O-O O-O 10. Kh2 Bxd5 11. exd5 Ne7 12. c3 a5 13. d4 exd4 14. cxd4 Bb6 15.
Nc3 Nf5 16. Be3 Re8 17. Qd3 Qd7 18. g4 Nh4 19. Bh1 c5 20. dxc6 bxc6 21. Bf4 Ng6
22. Bg3 d5 23. f4 Bc7 24. f5 Nf8 25. Rae1 Bxg3+ 26. Qxg3 Qa7 27. Qf4 Qb6 28. b3
Qb4 29. Rc1 Re7 30. Bf3 Rae8 31. Rg1 N6h7 32. h4 Re3 33. Nb1 g5 34. hxg5 Nxg5
35. Bg2 Qb5 36. Nc3 Qd3 37. Rgd1 Qa6 38. Rd2 Qb6 39. Qd6 Qb7 40. Rf2 Kg7 41.
Nd1 Re1 42. Rxc6 Nfe6 43. Rb6 Qa7 44. Nc3 Rd8 45. Qc6 Rc8 46. Qb7 Qxb7 47. Rxb7
Nd8 48. Rd7 Rxc3 49. Rxd8 Ne4 50. Bxe4 dxe4 51. f6+ Kh7 52. Re8 Ree3 53. Rf8
Rh3+ 54. Kg2 Rhg3+ 55. Kh2 Rh3+ 56. Kg2 Rhg3+ 57. Kh2 Rh3+ 58. Kg1 1/2-1/2

[Event "Gibtelecom Masters 2nd"]
[Site "Gibraltar"]
[Date "2004.02.04"]
[Round "9.23"]
[White "Vijayalakshmi, Subbaraman"]
[Black "Dunn, Andrew"]
[Result "1-0"]
[WhiteElo "2444"]
[BlackElo "2205"]
[PlyCount "69"]
[EventDate "2004.01.27"]
[EventType "swiss"]
[EventRounds "10"]
[EventCountry "GGB"]
[SourceTitle "BritBase"]
[Source "www.saund.co.uk"]
[SourceDate "2018.02.10"]
[SourceVersion "1"]
[SourceVersionDate "2018.02.10"]
[SourceQuality "1"]

1. d4 d5 2. Nf3 Nf6 3. g3 c6 4. Bg2 Bf5 5. O-O h6 6. c4 e6 7. Nc3 Nbd7 8. Nd2
Be7 9. e4 dxe4 10. Ndxe4 O-O 11. Be3 Nxe4 12. Nxe4 Nf6 13. Nxf6+ Bxf6 14. g4
Bh7 15. Qd2 Qc7 16. Rad1 Rad8 17. f4 Rd7 18. Qf2 Rfd8 19. Rd2 Qa5 20. b3 Be7
21. f5 exf5 22. gxf5 Qc7 23. d5 cxd5 24. Rxd5 b6 25. Kh1 Rxd5 26. Bxd5 Bc5 27.
Bxc5 Qxc5 28. Qf4 Re8 29. Qg4 Re5 30. Rg1 Qf8 31. Be4 f6 32. Rd1 Qe7 33. Bd5+
Kh8 34. Be6 Qb7+ 35. Kg1 1-0

[Event "Gibtelecom Masters 2nd"]
[Site "Gibraltar"]
[Date "2004.02.04"]
[Round "9.24"]
[White "Harstad, Christian"]
[Black "Tissir, Mohamed"]
[Result "0-1"]
[WhiteElo "2113"]
[BlackElo "2436"]
[PlyCount "42"]
[EventDate "2004.01.27"]
[EventType "swiss"]
[EventRounds "10"]
[EventCountry "GGB"]
[SourceTitle "BritBase"]
[Source "www.saund.co.uk"]
[SourceDate "2018.02.10"]
[SourceVersion "1"]
[SourceVersionDate "2018.02.10"]
[SourceQuality "1"]

1. d4 e6 2. c4 c5 3. d5 exd5 4. cxd5 d6 5. Nc3 Be7 6. e4 Bf6 7. Nf3 a6 8. a4
Ne7 9. h3 Ng6 10. Bd3 O-O 11. O-O Nd7 12. Re1 Nde5 13. Nxe5 Bxe5 14. Qh5 Nf4
15. Bxf4 Bxf4 16. Re2 g6 17. Qf3 Be5 18. Qe3 Qh4 19. Rc2 Bd4 20. Qe1 Bxh3 21.
gxh3 Qg3+ 0-1

[Event "Gibtelecom Masters 2nd"]
[Site "Gibraltar"]
[Date "2004.02.04"]
[Round "9.25"]
[White "Mohota, Nisha"]
[Black "Fellousi, Abdelaziz"]
[Result "1/2-1/2"]
[WhiteElo "2337"]
[BlackElo "2188"]
[PlyCount "133"]
[EventDate "2004.01.27"]
[EventType "swiss"]
[EventRounds "10"]
[EventCountry "GGB"]
[SourceTitle "BritBase"]
[Source "www.saund.co.uk"]
[SourceDate "2018.02.10"]
[SourceVersion "1"]
[SourceVersionDate "2018.02.10"]
[SourceQuality "1"]

1. d4 Nf6 2. c4 g6 3. Nc3 Bg7 4. e4 d6 5. f3 O-O 6. Nge2 c5 7. Be3 cxd4 8. Nxd4
Nc6 9. Qd2 Bd7 10. Be2 Rc8 11. Rc1 Ne5 12. b3 a6 13. O-O Re8 14. Nd5 Nc6 15.
Nc2 Nxd5 16. cxd5 Ne5 17. f4 Ng4 18. Bxg4 Bxg4 19. f5 gxf5 20. exf5 e6 21. fxe6
fxe6 22. dxe6 Bxe6 23. Nd4 Rxc1 24. Rxc1 Bd7 25. Bf2 Rf8 26. Rc3 Qa5 27. Rd3
Qh5 28. Rf3 Qd5 29. Rxf8+ Kxf8 30. Qf4+ Kg8 31. Be3 Qe5 32. Qxe5 dxe5 33. Ne2
Kf7 34. Kf2 Ke6 35. Nc3 Bc6 36. g4 b5 37. h4 Bf8 38. Nb1 a5 39. Ke2 a4 40. Kd3
Bf3 41. Nc3 axb3 42. axb3 b4 43. Ne4 Bxg4 44. Bc5 Bxc5 45. Nxc5+ Kf5 46. Ke3
Bd1 47. Nd3 Bxb3 48. Nxb4 Bc4 49. Nc2 Bd5 50. Nb4 Ba8 51. Nd3 Bc6 52. Nf2 h5
53. Nd3 Be4 54. Nb4 Bb1 55. Kf3 Be4+ 56. Ke3 Bh1 57. Nd3 e4 58. Nc5 Bf3 59. Nb3
Ke5 60. Nd2 Bg2 61. Nc4+ Kd5 62. Nd2 Bh1 63. Nf1 Bf3 64. Kf4 Kd4 65. Ne3 Kd3
66. Nf5 Ke2 67. Ng3+ 1/2-1/2

[Event "Gibtelecom Masters 2nd"]
[Site "Gibraltar"]
[Date "2004.02.04"]
[Round "9.26"]
[White "Swathi, Ghate"]
[Black "Osuna Vega, Enrique"]
[Result "1-0"]
[WhiteElo "2297"]
[BlackElo "2209"]
[PlyCount "95"]
[EventDate "2004.01.27"]
[EventType "swiss"]
[EventRounds "10"]
[EventCountry "GGB"]
[SourceTitle "BritBase"]
[Source "www.saund.co.uk"]
[SourceDate "2018.02.10"]
[SourceVersion "1"]
[SourceVersionDate "2018.02.10"]
[SourceQuality "1"]

1. e4 e6 2. d4 d5 3. Nc3 Nf6 4. Bg5 Be7 5. e5 Nfd7 6. Bxe7 Qxe7 7. f4 a6 8. Nf3
c5 9. Qd2 Nc6 10. Ne2 cxd4 11. Nexd4 f6 12. exf6 Qxf6 13. O-O-O O-O 14. g3 Re8
15. Kb1 Nc5 16. Qe3 Nxd4 17. Rxd4 Bd7 18. Ne5 Bc6 19. Bh3 Ne4 20. Re1 Rac8 21.
Bg2 Nd6 22. Qf2 Nb5 23. Rd3 a5 24. a3 Nd6 25. Rd4 Bb5 26. Nf3 Ne4 27. Qe3 Rc7
28. Rdd1 Rec8 29. Nd4 Be8 30. Bxe4 dxe4 31. Qxe4 Bg6 32. Qxe6+ Qxe6 33. Rxe6
Bxc2+ 34. Nxc2 Rxc2 35. Re7 R2c7 36. Rd8+ Rxd8 37. Rxc7 Rd2 38. Rxb7 Rxh2 39.
Ra7 Rg2 40. Rxa5 Rxg3 41. a4 g6 42. Rd5 Rg4 43. Rd4 g5 44. a5 gxf4 45. a6 Rg6
46. Ra4 f3 47. a7 f2 48. a8=Q+ 1-0

[Event "Gibtelecom Masters 2nd"]
[Site "Gibraltar"]
[Date "2004.02.04"]
[Round "9.27"]
[White "Contin, Daniel"]
[Black "Agdestein, Emil"]
[Result "1-0"]
[WhiteElo "2394"]
[BlackElo "1999"]
[PlyCount "69"]
[EventDate "2004.01.27"]
[EventType "swiss"]
[EventRounds "10"]
[EventCountry "GGB"]
[SourceTitle "BritBase"]
[Source "www.saund.co.uk"]
[SourceDate "2018.02.10"]
[SourceVersion "1"]
[SourceVersionDate "2018.02.10"]
[SourceQuality "1"]

1. e4 d5 2. exd5 Nf6 3. d4 Nxd5 4. Nf3 g6 5. Be2 Bg7 6. O-O O-O 7. h3 Nc6 8. c4
Nb6 9. d5 Ne5 10. Nxe5 Bxe5 11. Nc3 e6 12. Bh6 Bg7 13. Bxg7 Kxg7 14. Qd4+ Qf6
15. Qc5 exd5 16. cxd5 Qd6 17. Qd4+ f6 18. Rad1 Bd7 19. Ne4 Qe5 20. Qxe5 fxe5
21. Nc5 Rab8 22. d6 c6 23. a4 Rfd8 24. Bf3 Kf6 25. Be4 Bf5 26. g4 Bxe4 27.
Nxe4+ Kg7 28. Nc5 Kg8 29. Rfe1 Nd5 30. Rxe5 Rxd6 31. Re7 Nxe7 32. Rxd6 b6 33.
Ne4 Rb7 34. Rd8+ Kg7 35. Nd6 1-0

[Event "Gibtelecom Masters 2nd"]
[Site "Gibraltar"]
[Date "2004.02.04"]
[Round "9.28"]
[White "Eckhardt, Lars"]
[Black "Mannion, Stephen R"]
[Result "1/2-1/2"]
[WhiteElo "2096"]
[BlackElo "2352"]
[PlyCount "122"]
[EventDate "2004.01.27"]
[EventType "swiss"]
[EventRounds "10"]
[EventCountry "GGB"]
[SourceTitle "BritBase"]
[Source "www.saund.co.uk"]
[SourceDate "2018.02.10"]
[SourceVersion "1"]
[SourceVersionDate "2018.02.10"]
[SourceQuality "1"]

1. d4 d5 2. e3 Nf6 3. f4 c5 4. Nf3 Nc6 5. c3 Qb6 6. Bd3 g6 7. Nbd2 Bg7 8. O-O
O-O 9. Kh1 cxd4 10. exd4 e6 11. Ne5 Ne7 12. Qe1 Ne8 13. g4 f6 14. Nef3 e5 15.
fxe5 Bxg4 16. exf6 Bxf6 17. Ne5 Bh3 18. Rf2 Ng7 19. Ndf3 Rae8 20. Bg5 Bf5 21.
Qd2 Bc8 22. Rg1 Nef5 23. Ng4 Bxg5 24. Qxg5 Qd8 25. Nh6+ Kh8 26. Ne5 Be6 27.
Qxd8 Rxd8 28. Nxf5 Nxf5 29. Rgf1 Kg7 30. Rf4 Bc8 31. Kg1 Rd6 32. Bc2 Rb6 33.
Bb3 Rd8 34. Nd3 a5 35. Re1 Rbd6 36. Re5 b6 37. Rf2 Be6 38. Nf4 Bg8 39. Rfe2 Nh4
40. Ne6+ Bxe6 41. Rxe6 h5 42. Kf2 Rf8+ 43. Kg3 g5 44. Re7+ Kf6 45. Bc2 Ng6 46.
Bxg6 Kxg6 47. R7e6+ Rxe6 48. Rxe6+ Rf6 49. Re5 h4+ 50. Kg2 Rd6 51. h3 b5 52.
Kf3 Kh5 53. Re8 b4 54. cxb4 axb4 55. Rh8+ Kg6 56. Rb8 Rf6+ 57. Kg2 Kf5 58. Rxb4
Ke4 59. a4 Ke3 60. a5 Ke2 61. Rb6 Rf2+ 1/2-1/2

[Event "Gibtelecom Masters 2nd"]
[Site "Gibraltar"]
[Date "2004.02.04"]
[Round "9.29"]
[White "Upton, Timothy"]
[Black "Heyl, Thomas"]
[Result "1-0"]
[WhiteElo "2285"]
[BlackElo "2059"]
[PlyCount "93"]
[EventDate "2004.01.27"]
[EventType "swiss"]
[EventRounds "10"]
[EventCountry "GGB"]
[SourceTitle "BritBase"]
[Source "www.saund.co.uk"]
[SourceDate "2018.02.10"]
[SourceVersion "1"]
[SourceVersionDate "2018.02.10"]
[SourceQuality "1"]

1. e4 c5 2. Nf3 e6 3. d4 cxd4 4. Nxd4 a6 5. Nc3 Qc7 6. Be2 b5 7. O-O Bb7 8. Re1
Nf6 9. e5 Qxe5 10. a4 Nc6 11. Nxc6 dxc6 12. Bxb5 Qd6 13. Bd3 c5 14. Bg5 Qc6 15.
Ne4 Be7 16. Nxf6+ Bxf6 17. Be4 Qc7 18. Bxb7 Qxb7 19. Bxf6 gxf6 20. Qd6 Rg8 21.
g3 Rc8 22. Rad1 Qc6 23. Re3 Rg4 24. f4 c4 25. Rd4 h5 26. Qxc6+ Rxc6 27. Rc3 h4
28. Kg2 hxg3 29. hxg3 e5 30. Rdxc4 Rd6 31. Kf3 Rg7 32. Re3 Re6 33. Rce4 Rc6 34.
c3 Rb6 35. b4 Ke7 36. fxe5 f5 37. Rc4 Rbg6 38. Kf2 Kd7 39. b5 axb5 40. axb5 Rb6
41. Rc5 Rg4 42. c4 f4 43. gxf4 Rxf4+ 44. Rf3 Re4 45. Rxf7+ Ke8 46. Rf5 Rh6 47.
Kf3 1-0

[Event "Gibtelecom Masters 2nd"]
[Site "Gibraltar"]
[Date "2004.02.04"]
[Round "9.30"]
[White "Bolt, Graham"]
[Black "Fossum, Oystein Boyum"]
[Result "0-1"]
[WhiteElo "2095"]
[BlackElo "2126"]
[PlyCount "80"]
[EventDate "2004.01.27"]
[EventType "swiss"]
[EventRounds "10"]
[EventCountry "GGB"]
[SourceTitle "BritBase"]
[Source "www.saund.co.uk"]
[SourceDate "2018.02.10"]
[SourceVersion "1"]
[SourceVersionDate "2018.02.10"]
[SourceQuality "1"]

1. e4 c5 2. Nf3 e6 3. d4 cxd4 4. Nxd4 a6 5. c4 Nf6 6. Nc3 Qc7 7. Be3 Bb4 8. Bd3
Nc6 9. Nxc6 dxc6 10. f4 e5 11. f5 h5 12. h3 h4 13. a3 Bxc3+ 14. bxc3 c5 15. O-O
b6 16. Re1 Bb7 17. Qc2 O-O-O 18. a4 a5 19. Rab1 Rd6 20. Bg5 Rh5 21. Bxf6 Rxf6
22. Be2 Rhh6 23. Bg4 Kb8 24. Rbd1 Rd6 25. Bf3 Rxd1 26. Rxd1 Rd6 27. Rd2 Qd8 28.
Rxd6 Qxd6 29. Qf2 Qh6 30. Qe1 Qf4 31. Kh1 Kc7 32. Qb1 Qd2 33. Bh5 Qe3 34. Bxf7
Bxe4 35. Qb2 Qxh3+ 36. Kg1 Qe3+ 37. Kh2 Qg3+ 38. Kg1 h3 39. Bd5 Qe1+ 40. Kh2
hxg2 0-1